Staatsbesuch in Ankara
| Titel: | Staatsbesuch in Ankara : ein repräsentatives Geschenk für den türkischen Staatspräsidenten / Nicole Bickhoff |
|---|---|
| Verfasser: | |
| In: |
Landesarchiv Baden-Württemberg: Archivnachrichten, Heft 47 (September 2013), Seite 29 alle Artikel anzeigen |
| Veröffentlicht: | 2013 |
| Umfang: | Ill. |
| Format: | Aufsatz |
| Sprache: | Deutsch |
X
alg: 40568472 001A $01999:11-07-17 001B $03029:31-05-22 $t12:19:33.000 001D $01999:11-07-17 001U $0utf8 001X $00 002@ $0Aox 003@ $040568472X 007A $040568472X $aHEB 007T $0StAMz0056439 007T $0ArchMa22393 010@ $ager 011@ $a2013 021A $aStaatsbesuch in Ankara $dein repräsentatives Geschenk für den türkischen Staatspräsidenten $hNicole Bickhoff 028A $BVerfasser $#Bickhoff-Böttcher, Nicole $#Böttcher, Nicole Bickhoff- $4aut $71024736717 $8Bickhoff, Nicole$Z1956- [Tp3] $9306265842 031A $c09 $e47 $h29 $j2013 034M $aIll. 039B $aIn: $8--Abvc--Landesarchiv Baden-Württemberg [Tb1]. Archivnachrichten. - Stuttgart : Landesarchiv Baden-Württemberg, 2005-. - ISSN 1437-0018 $x201309000000047971 $9129443646 045T $a8,1 lok: 40568472 103 exp: 40568472 103 1 #EPN 201B/01 $011-07-17 $t16:33:50.000 201U/01 $0utf8 203@/01 $01004223811 208@/01 $a11-07-17 $bf 209A/01 $ain: Z 433 $ds $f000 $hZ 433 $x00 209G/01 $aMagazinbereich Dienstbibliothek $x01 247C/01 $8658011-7 <2397>Mainz, Stadtarchiv Mainz, Bibliothek $9379188910 lok: 40568472 105 exp: 40568472 105 1 #EPN 201B/01 $030-01-19 $t15:49:35.000 201C/01 $030-01-19 201U/01 $0utf8 203@/01 $01042428182 208@/01 $a13-12-18 $be 209A/01 $a/ $f106 $x00 244Z/01 $aTürkei $x01 245Z/01 $a3.06.02. $bArchivwesen des Bundes- und der deutschen Bundesländer / Baden-Württemberg / Archive und Archivbestände $x01 245Z/01 $a5.01.02. $bArchivwesen außerhalb Europas / Archivwesen weltweit / Einzelne Länder $x02 247C/01 $8->Marburg, Bibliographie zum Archivwesen der Archivschule Marburg $939588196X
| LEADER | 00000caa a22000002c 4500 | ||
|---|---|---|---|
| 001 | 40568472X | ||
| 003 | DE-603 | ||
| 005 | 20220531121933.0 | ||
| 007 | tu | ||
| 008 | 170711s2013 xx |||| | u00||u|ger c | ||
| 035 | |a (DE-599)HEB40568472X | ||
| 040 | |a DE-603 |b ger |c DE-603 |d DE-603 | ||
| 041 | |a ger | ||
| 084 | |a 8,1 |2 ssgn | ||
| 100 | 1 | |a Bickhoff, Nicole |d 1956- |e Verfasser |4 aut |0 (DE-603)306265842 |0 (DE-588)1024736717 |2 gnd | |
| 245 | 0 | 0 | |a Staatsbesuch in Ankara |b ein repräsentatives Geschenk für den türkischen Staatspräsidenten |c Nicole Bickhoff |
| 264 | 0 | |c 2013 | |
| 300 | |b Ill. | ||
| 773 | 0 | 8 | |i In: |a Landesarchiv Baden-Württemberg |t Archivnachrichten |d Stuttgart : Landesarchiv Baden-Württemberg, 2005- |h 30 cm |x 1437-0018 |g Heft 47 (September 2013), Seite 29 |w (DE-603)129443646 |w (DE-600)2193709-6 |
| 924 | 0 | |9 2397 |a (DE-603)1004223811 |b DE-2397 |c HES |d d |g in: Z 433 | |
| 924 | 0 | |9 - |a (DE-603)1042428182 |b DE- |c HES |d d |g / | |